000 00578nam a2200229Ia 4500
003 OSt
005 20220918201230.0
006 a|||||r|||| 00| 0
007 ta
008 220917b |||||||| |||| 00| 0 eng d
024 _a92,534
037 _cTextual
040 _aARTS
_cARTS
_beng
041 _2eng
_aeng
082 _aU8.2.D6, J7.1-.4
100 _aHiuen T
_997599
245 0 _aChinese accounts of India tr by Samuel Beal
260 _c1957
650 _aGEOGRAPHY
942 _hU8.2.D6, J7.1-.4
_cTEXL
_2CC
999 _c216185
_d216185